Normal view
MARC view
Entry Personal Name
001 - CONTROL NUMBER
- control field: 65668
003 - CONTROL NUMBER IDENTIFIER
- control field: dpl
005 - DATE AND TIME OF LATEST TRANSACTION
- control field: 20240503162344.0
008 - FIXED-LENGTH DATA ELEMENTS
- fixed length control field: 240503|| aca||aabn | a|a d
040 ## - CATALOGING SOURCE
- Original cataloging agency: dpl
- Transcribing agency: dpl
100 ## - HEADING--PERSONAL NAME
- Personal name: Webster, W.F
670 ## - SOURCE DATA FOUND
- Source citation: Work cat.: (dpl)202657: Webster, W.F. , The Essentials Of Grammar And Composition/, 2022
